00490nam a2200157 i 4500001000700000003000900007005001700016008004100033040002700074080001400101100004300115245005900158260005900217300002200276852003400298163937ES-MaACL20250911063600.0990601s1886 sp |||| | spa d aCAT bspa cCAT dCCPB a860-3"18"2 aRomero Quiñones, Ubaldo, d1843-191413aEl General Motin b: novela original de Sexto Pompeyo. aSabadell : bImpr. y Lit. de Juan Comas Faura, c1886. a344 p. ; c17 cm. aES-MaACLjD-1888 z-- Rúst.